Drapeaux de pays avec une arme - Statistiques

Statistiques générales
  • Ce quiz a été pris 158 fois
  • Le résultat moyen est 9 sur 11
Statistiques - réponses
Par images Hint Réponse % Correct
Lance masaï Kenya
98%
Sabre Arabie Saoudite
97%
Machette Angola
90%
Trident Barbade
83%
AK-47 Mozambique
83%
Haches Equateur
82%
Lance, canon & baïonnette République dominicaine
81%
Fusil Remington Springfield Guatemala
80%
Fusils à baïonnette Haïti
78%
Sagaie Eswatini
74%
Dague Kandjar Oman
74%
Aucun quiz correspondant
Distribution des résultats
% des personnes avec chaque résultat
Percentile par nombre de réponses
Votre historique - résultats
Vous n’avez pas pris ce quiz